| 000 | 00567nai a2200181Ia 4500 | ||
|---|---|---|---|
| 003 | IN-BaIIA | ||
| 008 | 211028c9999 xx s 000 0 eng d | ||
| 022 | _a0300-9483 (Print) | ||
| 022 | _a1502-3885 (Online) | ||
| 040 | _cIIA Library | ||
| 245 | 0 |
_aBoreas _h[eJournal] |
|
| 260 |
_aNew Jersey _bJohn Wiley & Sons |
||
| 310 | _aQuarterly | ||
| 362 | _a26(1); 1997 - Present | ||
| 521 | _bSubscribed through National Knowledge Resource Consortium (NKRC) | ||
| 856 |
_uhttps://onlinelibrary.wiley.com/journal/15023885 _yClick Here to Access eJournal |
||
| 942 | _cEJ | ||
| 999 |
_c34116 _d34116 |
||